000 02409cam a2200349 i 4500
001 17542602
003 Nust- CAS-E
005 20180118181410.0
008 121128s2013 njua 001 0 eng
010 _a 2012047250
020 _a9780470945780 (pbk.)
040 _aDLC
_beng
_cDLC
_erda
042 _apcc
050 0 0 _aNA2542.3
_b.B76 2013
082 0 0 _a720.472
_223
_bSUN 2014
084 _aARC009000
_2bisacsh
100 1 _aBrown, G. Z.
245 1 0 _aSun, wind, and light: architectural design strategies /
_cG.Z. Brown, Knight Professor, Department of Architecture, University of Oregon, Mark DeKay.
250 _aThird [edition].
300 _a413 pages :
_billustrations ;
_c21 x 24 cm
500 _aIncludes index.
502 _a0
505 8 _aMachine generated contents note: WHAT'S ON THE DVDI THE SUSTAINABLE DESIGN NAVIGATOR Using the Sustainable Design Navigator an electronic tool for design advice queries 28 Analysis Techniques, 8.5 x 11 printable 90 Design Strategies, 8.5 x 11 printable Indexes, searchable Bibliography, searchableII SUSTAINABLE DESIGN RESOURCAS-E Sun Charts and Sundials Climate Data and Analyses Energy Scheming 3.5 software, demo version Additional ResourcesWHAT'S IN THE PRINTED BOOKIII NAVIGATION Abbreviated Contents for the Printed Book Abbreviated Contents for the DVD Detailed Contents for the Printed Book Detailed Contents for the DVD Additional Navigation MethodsIV USING SUN, WIND & LIGHT The Energetic Design Process Net-Zero Energy and Carbon-Neutral Design Selecting Bundles and Making Your Own Using the Sustainable Design NavigatorV THE FUNDAMENTAL BUNDLESVI QUICK DESIGN GUIDELINESVI TOP 25 DESIGN STRATEGIES Appendix Bibliography Indexes.
520 _a"This fully updated Third Edition covers principles of designing buildings that use the sun for heating, wind for cooling, and daylight for natural lighting. Using hundreds of illustrations and companion CD-ROM, this book offers practical strategies that give the designer the tools they need to make energy efficient buildings"--
650 0 _aArchitecture and energy conservation.
650 0 _aArchitecture and solar radiation.
650 0 _aInterior lighting.
700 1 _aDeKay, Mark.
906 _a7
_bcbc
_corignew
_d1
_eecip
_f20
_gy-gencatlg
942 _2ddc
_cBK
999 _c355678
_d355678